| 000 -CABECERA |
| Longitud fija campo de control |
00729 a22002175i 4500 |
| 001 - NÚMERO DE CONTROL |
| Número de control |
991061035533606706 |
| 003 - IDENTIFICADOR DEL NÚMERO DE CONTROL |
| Identificador del número de control |
OSt |
| 005 - FECHA Y HORA DE LA ÚLTIMA TRANSACCIÓN |
| Fecha y hora de la última transacción |
20231010122800.0 |
| 008 - CÓDIGOS DE INFORMACIÓN DE LONGITUD FIJA |
| Códigos de información de longitud fija |
AAMMDD----- ---|||||-|||||-|| -----|c |
| 020 ## - NÚMERO INTERNACIONAL NORMALIZADO PARA LIBROS |
| Número Internacional Normalizado para Libros (ISBN) |
9788412362381 |
| 040 ## - FUENTE DE LA CATALOGACIÓN |
| Centro catalogador de origen |
CDMR |
| Lengua de catalogación |
cat |
| Centro transcriptor |
CDMR |
| 100 ## - PUNTO DE ACCESO PRINCIPAL-NOMBRE DE PERSONA |
| 9 (RLIN) |
4888 |
| Nombre de persona |
Hameida, Ebbaba |
| 245 ## - MENCIÓN DE TÍTULO |
| Título |
Historias contadas al oído |
| Mención de responsabilidad, etc. |
/ conversación entre Ebbaba Hameida y Nicolás Castellano ; ilustraciones de Cinta Fosch |
| 260 ## - PUBLICACIÓN, DISTRIBUCIÓN, ETC. (PIE DE IMPRENTA) |
| Lugar de publicación, distribución, etc. |
Barcelona : |
| Nombre del editor, distribuidor, etc. |
Revista 5W , |
| Fecha de publicación, distribución, etc. |
2023 |
| 300 ## - DESCRIPCIÓN FÍSICA |
| Extensión |
141 p. |
| Dimensiones |
; 16 cm |
| 490 ## - MENCIÓN DE SERIE |
| Mención de serie |
Voces 5W |
| Designación de volumen o secuencia |
; 8 |
| 650 #0 - PUNTO DE ACCESO ADICIONAL DE MATERIA - TÉRMINO DE MATERIA |
| 9 (RLIN) |
3678 |
| Término de materia o nombre geográfico como elemento inicial |
Corresponsals de guerra |
| Subdivisión de forma |
Relats personals |
| 650 #0 - PUNTO DE ACCESO ADICIONAL DE MATERIA - TÉRMINO DE MATERIA |
| 9 (RLIN) |
4890 |
| Término de materia o nombre geográfico como elemento inicial |
Migració forçosa |
| Subdivisión de materia general |
Cobertura periodística |
| 700 ## - PUNTO DE ACCESO ADICIONAL - NOMBRE DE PERSONA |
| 9 (RLIN) |
4889 |
| Nombre de persona |
Castellano, Nicolás |
| 942 ## - ENTRADA DE ELEMENTOS AGREGADOS (KOHA) |
| Fuente de clasificaión o esquema |
|
| Koha [por defecto] tipo de item |
Monografies |